Homonym Slideshow Quiz Stats

 Plays Quiz Updated Jul 16, 2014

Support Sporcle.
Go Orange.
Score 0/18 Timer 07:00
8 Plays Today
% Correct
Tie
98.3%
Jam
97.2%
Cast
97.2%
Bank
96.6%
Iron
96.4%
Bolt
96.2%
Deck
96%
Horn
95.7%
Hail
95%
% Correct
Rock
93.9%
Crane
93.7%
Ruler
93.1%
Date
93%
Groom
92.7%
Pitcher
89.6%
Wake
89.6%
Chopper
86.3%
Fawn
76.1%

You're not logged in!

Compare scores with friends on all Sporcle quizzes.
OR
Log In

From the Vault

Match the Images: Movie Characters

by MSUKent

In order to match the images, first imagine the matches.
Remove Ads.
Support Sporcle.
Get the best of Sporcle when you Go Orange. This ad-free experience offers more features, more stats, and more fun while also helping to support Sporcle. Thank you for becoming a member.

Show Comments

Extras

Top Quizzes Today


Score Distribution

Your Account Isn't Verified!

In order to create a playlist on Sporcle, you need to verify the email address you used during registration. Go to your Sporcle Settings to finish the process.

Report this User

Report this user for behavior that violates our Community Guidelines.

Details: